000 01036nam a2200253Ia 4500
005 20250622124036.0
008 250617s9999||||xx |||||||||||||| ||ara||
017 _a2024/20746
_bمصر. دار الكتب
020 _a9789778995398
082 0 4 _a"371,334"
_bم خ
100 0 _aمحمود الجمل
245 1 0 _aخوارزميات الأتمتة الذكية والنظم الخبيرة فى التعليم =
_cمحمود الجمل
246 _aAlgorithms of Intelligent Automation and Expert Systems in Education /
250 _aط1
260 3 _aالقاهرة :
_b"المركز الأكاديمى العربى للنشر والتوزيع،"
_c2025.
300 _a240ص ؛
_b
_c24سم.
650 _aالتخطيط التربوى
650 _aالتعليم
_x أغراضه وأهدافه
650 _aالتعليم
_x خدمات المعلومات
650 _aالتعليم
_x وسائل سمعية وبصرية
650 _aالمناهج
_x تخطيط
942 _cBK
999 _c67662
_d67662